Statistics for Serie A Best Starting XI By Team

Click here to take the quiz!

General Stats

  • This quiz has been taken 492 times
  • The average score is 65 of 132

Answer Stats

TeamPlayer% Correct
Juventus | ParmaGianluigi Buffon
98%
JuventusGiorgio Chiellini
96%
JuventusArturo Vidal
95%
JuventusLeonardo Bonucci
95%
AC MilanAndriy Shevchenko
94%
Inter MilanZlatan Ibrahimović
94%
AC Milan | JuventusAndrea Pirlo
92%
AS RomaEdin Džeko
92%
AC MilanDida
91%
AC MilanPaolo Maldini
91%
NapoliDries Mertens
90%
AS RomaMohamed Salah
90%
JuventusPaul Pogba
90%
AC Milan | LazioAlessandro Nesta
89%
Inter MilanJúlio César
89%
JuventusAndrea Barzagli
88%
NapoliLorenzo Insigne
88%
JuventusCarlos Tevez
86%
NapoliKalidou Koulibaly
86%
NapoliPepe Reina
85%
JuventusStephan Lichtsteiner
85%
AC MilanCafú
84%
AC MilanClarence Seedorf
84%
AC MilanKaká
83%
AS RomaKostas Manolas
83%
Juventus | UdineseKwadwo Asamoah
83%
Inter MilanMaicon
82%
NapoliMarek Hamšík
82%
AS RomaWojciech Szczęsny
81%
AC MilanGennaro Gattuso
80%
Inter MilanJavier Zanetti
80%
AC MilanRui Costa
79%
NapoliJosé Callejón
77%
NapoliMário Rui
77%
UdineseCristián Zapata
76%
AtalantaDuván Zapata
76%
Inter Milan | ParmaHernán Crespo
75%
JuventusFernando Llorente
73%
AS RomaDaniele De Rossi
71%
NapoliElseid Hysaj
70%
Inter MilanLuís Figo
70%
NapoliRaúl Albiol
70%
Inter MilanDejan Stanković
69%
AS RomaRadja Nainggolan
69%
NapoliAllan
68%
AtalantaRobin Gosens
68%
AS RomaAntonio Rüdiger
67%
UdineseAlexis Sánchez
65%
AS RomaKevin Strootman
65%
Inter MilanMarco Materazzi
65%
LazioPavel Nedvěd
65%
NapoliJorginho
64%
Inter MilanPatrick Vieira
63%
GenoaDiego Milito
62%
AtalantaPapu Gómez
61%
Inter MilanIván Córdoba
60%
UdineseSamir Handanović
60%
ParmaLilian Thuram
59%
ParmaFabio Cannavaro
57%
AS RomaFederico Fazio
57%
UdineseAntonio Di Natale
56%
AtalantaMarten de Roon
55%
AtalantaMario Pašalić
54%
AtalantaHans Hateboer
52%
LazioJuan Sebastián Verón
52%
AtalantaRemo Freuler
52%
FiorentinaStevan Jovetić
52%
FiorentinaStefan Savić
48%
FiorentinaJuan Cuadrado
47%
AtalantaPierluigi Gollini
47%
AtalantaRafael Tolói
44%
Inter MilanFabio Grosso
43%
AS RomaBruno Peres
40%
AtalantaBerat Djimsiti
37%
UdineseMedhi Benatia
37%
AtalantaJosé Luis Palomino
35%
UdineseMauricio Isla
34%
UdineseGökhan Inler
32%
FiorentinaBorja Valero
30%
GenoaMarco Rossi
30%
SampdoriaAntonio Cassano
26%
LazioMarcelo Salas
26%
LazioSiniša Mihajlović
26%
AS RomaEmerson Palmieri
21%
FiorentinaGonzalo Rodríguez
21%
SampdoriaGiampaolo Pazzini
20%
UdinesePablo Armero
20%
AC Milan | LazioGiuseppe Pancaro
19%
ParmaDino Baggio
18%
FiorentinaAdem Ljajić
17%
FiorentinaDavid Pizarro
17%
GenoaThiago Motta
17%
LazioLuca Marchegiani
16%
LazioSérgio Conceição
14%
FiorentinaAlberto Aquilani
13%
SampdoriaAngelo Palombo
13%
GenoaDomenico Criscito
13%
LazioAlen Bokšić
12%
SampdoriaReto Ziegler
11%
UdineseGiampiero Pinzi
9%
ParmaMárcio Amoroso
9%
FiorentinaEmiliano Viviano
8%
FiorentinaFacundo Roncaglia
8%
LazioMatías Almeyda
8%
UdineseMaurizio Domizzi
8%
LazioPaolo Negro
8%
GenoaRubinho
8%
GenoaIvan Jurić
7%
SampdoriaDaniele Gastaldello
6%
GenoaGiuseppe Sculli
6%
FiorentinaManuel Pasqual
6%
SampdoriaAndrea Poli
5%
ParmaAntonio Benarrivo
4%
ParmaAriel Ortega
4%
SampdoriaDaniele Mannini
4%
ParmaDiego Fuser
4%
GenoaGiandomenico Mesto
4%
SampdoriaMarco Storari
4%
GenoaSalvatore Bocchetti
4%
SampdoriaFranco Semioli
3%
GenoaGiuseppe Biava
3%
ParmaPaolo Vanoli
3%
SampdoriaStefano Lucchini
3%
SampdoriaLuciano Zauri
2%
GenoaMatteo Ferrari
2%
ParmaOusmane Dabo
2%

Score Distribution

Percentile by Number Answered

Percent of People with Each Score

Your Score History

You have not taken this quiz